| 000 | 00945cam a2200241 4500 | ||
|---|---|---|---|
| 001 | ABS64228 | ||
| 008 | 010726n2001 000 0 eng u | ||
| 035 | _a(Sirsi) u113813 | ||
| 100 | _aFrenkel, A. | ||
| 245 | _aWhy high-technology firms choose to locate in or near metropolitan areas | ||
| 260 | _c2001 | ||
| 490 |
_aUrban Studies _v38(7) 2001, 1083-1101(19) |
||
| 520 | _aPaper reports on an empirical study of the choice of location of Israeli hi-tech industries within a metropolitan area. Research is based on survey data from hi-tech plants and considers the effect of a variety of factors on location choice. The significance of the research for industrial policy is also examined. | ||
| 590 | _aABS | ||
| 650 | _aPLANTS | ||
| 650 | _aINDUSTRIAL POLICY | ||
| 650 | _aLOCATION FACTORS | ||
| 650 | _aISRAEL | ||
| 650 | _aINDUSTRIAL COMPANIES | ||
| 650 | _aRESEARCH | ||
| 690 | _aPROPERTY-COMMERCIAL PROPERTY | ||
| 942 | _n0 | ||
| 999 |
_c67804 _d67804 |
||